Gagnants de la coupe du monde - Statistiques

Statistiques générales
  • Ce quiz a été pris 3 070 fois
  • Le résultat moyen est 21 sur 22
Statistiques - réponses
Année Vainqueur % Correct
1998 France
100%
2018 France
100%
1954 Allemagne
99%
1974 Allemagne
99%
1990 Allemagne
99%
2014 Allemagne
99%
1978 Argentine
99%
1986 Argentine
99%
2022 Argentine
99%
1958 Brésil
99%
1962 Brésil
99%
1970 Brésil
99%
1994 Brésil
99%
2002 Brésil
99%
2010 Espagne
99%
1934 Italie
97%
1938 Italie
97%
1982 Italie
97%
2006 Italie
97%
1930 Uruguay
92%
1950 Uruguay
92%
1966 Angleterre
90%
Aucun quiz correspondant
Distribution des résultats
% des personnes avec chaque résultat
Percentile par nombre de réponses
Votre historique - résultats
Vous n’avez pas pris ce quiz